000 02291cam a2200661 4500
999 _c23151
_d23151
001 vtls011761451
005 20220207132240.0
008 200316s2018 xo o g n 000 0 slo
020 _a9788055160252
_q(viazané)
035 _aurn:nbn:sk:snk-am00dhp5
035 _aurn:nbn:sk:snk-am3i2mv
035 _a97523046-48D3-467A-8775-62687FD49E03
040 _aSVKBB
_bslo
_cSVKBB
_dSNK
_erda
041 1 _aslo
_heng
044 _axo
_cSK
072 7 _a615.8
_xFyzioterapia. Psychoterapia. Alternatívna medicína
_2konspekt
080 _a615.83+615.89
_22011
080 _a630*10
_22011
080 _a615.8
_22011
080 _a615.851
_22011
080 _a502.1
_22011
080 _a613.86
_22011
080 _a(520)
_22011
080 _a796.5
_22011
080 _a(0.062)
_22011
100 1 _aLi, Qing
_4aut
_92741
240 1 0 _aShinrin-yoku
_lSlovensky
245 1 0 _aŠinrin'joku
_bumenie a veda lesného kúpeľa
_cQuing Li ; preložila Henrieta Hatalová
246 1 _iObálkový podnázov:
_aAko vám stromy pomôžu nájsť zdravie a šťastie
264 1 _aBratislava
_bIkar
_c2018
300 _a319 strán
_bfarebné fotografie
_c22 cm
336 _atext
_btxt
_2rdacontent
337 _abez média
_bn
_2rdamedia
338 _azväzok
_bnc
_2rdacarrier
500 _aPreložené z angličtiny
650 0 7 _aprírodné liečiteľstvo
_2SNKPH
_91874
650 0 7 _aHealing
_2SNKPHeng
_91879
650 0 7 _aForests
_2SNKPHeng
_91485
650 0 7 _aAlternative therapy
_2SNKPHeng
_92742
650 0 7 _alesy
_2SNKPH
_91479
650 0 7 _aalternatívna terapia
_2SNKPH
_92743
650 0 7 _apsychoterapia
_2SNKPH
_92471
650 0 7 _aPsychotherapy
_2SNKPHeng
_92470
650 0 7 _ačlovek a príroda
_2SNKPH
_92744
650 0 7 _aMan and nature
_2SNKPHeng
_92745
650 0 7 _arelaxácia
_2SNKPH
_92746
650 0 7 _aRelaxation
_2SNKPHeng
_92747
650 0 7 _arekreácia vo voľnej prírode
_2SNKPH
_92748
650 0 7 _aOutdoor recreation
_2SNKPHeng
_92749
651 7 _aJaponsko
_2SNKPHeo
_92750
651 7 _aJapan
_2SNKPHeng
_92751
655 7 _apopulárno-náučné publikácie
_2SNKPH
_91486
655 7 _aPopular works
_2SNKPHeng
_91487
700 1 _aHatalová, Henrieta
_4trl
_92752
958 _aNB
958 _aOP